| 000 | 00823nam a2200265 a 4500 | ||
|---|---|---|---|
| 008 | |||
| 020 | _a0198556519 (cased.) | ||
| 049 | _aMAIN | ||
| 090 | _aQD455.2 | ||
| 100 | 1 | _aScott, Stephen K. | |
| 245 | 1 | 0 |
_aChemical chaos / _cStephen K. Scott. |
| 260 |
_aOxford : _bOxford University Press, _c1991. |
||
| 300 |
_axv, 454 p. : _bill. ; _c24 cm. |
||
| 440 | 4 |
_aThe International series of monographs on chemistry ; _v24 |
|
| 504 | _aIncludes bibliographical references. | ||
| 500 | _aIncludes index. | ||
| 650 | 0 | _aChemistry, Physical and theoretical. | |
| 650 | 0 | _aChaotic behavior in systems. | |
| 650 | 2 | _aChemistry, Physical. | |
| 907 |
_a.b10003605 _b15-05-04 _c17-04-03 |
||
| 003 | |||
| 005 | 20230123133113.0 | ||
| 040 | _cNUST | ||
| 942 |
_cBOOKS _kQD455.2 |
||
| 999 |
_c142780 _d142780 |
||